[Event "Niedersachsen-ch MT"]
[Site "Verden an der Aller"]
[Date "2020.01.04"]
[Round "6"]
[White "Wielebinski, Paul Martin"]
[Black "Haerig, Wilfried"]
[Result "0-1"]
[WhiteElo "2045"]
[BlackElo "2159"]
[PlyCount "90"]
[EventDate "2020.01.02"]
[EventType "swiss"]
[EventRounds "7"]
[EventCountry "GER"]
[SourceTitle "EXT 2023"]
[Source "ChessBase"]
[SourceDate "2022.10.05"]
[SourceVersion "1"]
[SourceVersionDate "2022.10.05"]
[SourceQuality "1"]

1. e4 c5 2. Nf3 g6 3. d4 cxd4 4. Nxd4 Nc6 5. Nc3 Bg7 6. Be3 Nf6 7. Bc4 0-0 8. Bb3 d6 9. f3 Bd7 10. Qd2 Qa5 11. h4 h5 12. g4 hxg4 13. h5 Nxh5 14. Nxc6 Bxc6 15. Bh6 gxf3 16. 0-0-0 f2 17. Bxg7 Kxg7 18. Qxf2 Nf6 19. Rh4 Rh8 20. Rf4 Qe5 21. Rg1 Rh3 22. Rf5 Qh2 23. Rg2 Qh1+ 24. Rg1 Bxe4 25. Rxf6 exf6 26. Rxh1 Rxh1+ 27. Kd2 Rah8 28. Qxa7 R8h2+ 29. Ke3 Re1+ 30. Kd4 Bc6 31. Qb8 Rd2+ 32. Kc4 f5 33. Qc7 f4 34. Kb4 Rd4+ 35. Ka3 d5 36. Nxd5 Bxd5 37. Qc3 Ree4 38. Bxd5 Re3 39. Bxb7 Rxc3+ 40. bxc3 Rd7 41. Bf3 f5 42. c4 g5 43. c5 g4 44. Bh1 f3 45. Kb4 Rd1 0-1

[Event "Niedersachsen-ch"]
[Site "Verden an der Aller"]
[Date "2020.01.03"]
[Round "3"]
[White "Stotyn, Fabian"]
[Black "Haerig, Wilfried"]
[Result "1-0"]
[WhiteElo "2198"]
[BlackElo "2159"]
[PlyCount "79"]
[EventDate "2020.01.02"]
[EventType "swiss"]
[EventRounds "7"]
[EventCountry "GER"]
[SourceTitle "EXT 2021"]
[Source "ChessBase"]
[SourceDate "2020.10.23"]
[SourceVersion "1"]
[SourceVersionDate "2020.10.23"]
[SourceQuality "1"]

1. e4 c5 2. Nc3 g6 3. Nf3 Bg7 4. d4 cxd4 5. Nxd4 Nc6 6. Be3 Nf6 7. Bc4 0-0 8. Bb3 d6 9. h3 Bd7 10. 0-0 Na5 11. f4 Bc6 12. Qd3 Nxb3 13. axb3 Qd7 14. Nxc6 bxc6 15. Ra6 Rfb8 16. Rfa1 Rb7 17. R1a5 Qc7 18. Qc4 d5 19. Qxc6 Qxc6 20. Rxc6 Nxe4 21. Rxd5 Nxc3 22. bxc3 a5 23. Rc4 a4 24. Rxa4 Rc8 25. c4 f5 26. Ra7 Rxa7 27. Bxa7 e6 28. Rd7 e5 29. fxe5 Bxe5 30. Bd4 Bxd4+ 31. Rxd4 Kf7 32. b4 Ke6 33. c5 g5 34. h4 g4 35. Kf2 h5 36. Ke3 Rb8 37. Kf4 g3 38. c6 Ke7 39. c7 Rc8 40. Rc4 1-0

[Event "Niedersachsen-ch"]
[Site "Verden an der Aller"]
[Date "2020.01.02"]
[Round "1"]
[White "Voege, Tobias"]
[Black "Haerig, Wilfried"]
[Result "1-0"]
[WhiteElo "2314"]
[BlackElo "2159"]
[PlyCount "115"]
[EventDate "2020.01.02"]
[EventType "swiss"]
[EventRounds "7"]
[EventCountry "GER"]
[SourceTitle "EXT 2021"]
[Source "ChessBase"]
[SourceDate "2020.10.23"]
[SourceVersion "1"]
[SourceVersionDate "2020.10.23"]
[SourceQuality "1"]

1. c4 c5 2. Nc3 Nc6 3. g3 b6 4. Bg2 Bb7 5. e4 g6 6. Nge2 Bg7 7. d3 d6 8. a3 e6 9. Rb1 Nge7 10. h4 0-0 11. h5 Nd4 12. Bg5 Qd7 13. Qd2 Nef5 14. Nxd4 cxd4 15. Ne2 f6 16. g4 fxg5 17. gxf5 exf5 18. Qxg5 Rae8 19. f3 Re5 20. hxg6 fxe4 21. Qh4 hxg6 22. Qh7+ Kf7 23. fxe4 Rh8 24. 0-0+ Rf5 25. Qxh8 Bxh8 26. exf5 gxf5 27. Bxb7 Qxb7 28. Rxf5+ Ke6 29. Ng3 Be5 30. Re1 Qg7 31. Rf3 Kd7 32. Kg2 Qg5 33. Ref1 Kc6 34. b4 b5 35. R1f2 Kb6 36. Rc2 Qg6 37. c5+ dxc5 38. Rxc5 Bxg3 39. Rxg3 Qe6 40. Kf2 Qa2+ 41. Kf3 Qe6 42. Rcg5 Qe3+ 43. Kg4 Qd2 44. Kf5 a5 45. Rg6+ Kb7 46. Rg7+ Kc8 47. Rh3 Qf2+ 48. Ke6 Qf8 49. Rhh7 Qe8+ 50. Kd6 Qd8+ 51. Kc5 Qf8+ 52. Kxb5 Qe8+ 53. Kxa5 Qe5+ 54. b5 Qe1+ 55. Ka6 Qe6+ 56. b6 Qe8 57. Rc7+ Kd8 58. Kb7 1-0

[Event "Karlsruhe Grenke op"]
[Site "Karlsruhe"]
[Date "2019.04.21"]
[Round "7"]
[White "Haerig, Wilfried"]
[Black "Kulkarni, Rakesh"]
[Result "1/2-1/2"]
[WhiteElo "2127"]
[BlackElo "2334"]
[PlyCount "84"]
[EventDate "2019.04.18"]
[EventType "swiss"]
[EventRounds "9"]
[EventCountry "GER"]
[SourceTitle "CBM 189 Extra"]
[Source "ChessBase"]
[SourceDate "2019.05.31"]
[SourceVersion "1"]
[SourceVersionDate "2019.05.31"]
[SourceQuality "1"]

1. e4 c5 2. Nf3 e6 3. d4 cxd4 4. Nxd4 a6 5. Nc3 Qc7 6. Qf3 b5 7. Qg3 Qxg3 8. hxg3 Bb7 9. Bd3 Nf6 10. f3 Bc5 11. Be3 Nc6 12. Nf5 Bxe3 13. Nxe3 Ke7 14. Kd2 d6 15. a3 Rac8 16. g4 h6 17. Rh3 Ne5 18. Rah1 Rhd8 19. Rg3 Rc5 20. b4 Rc7 21. g5 hxg5 22. Rxg5 g6 23. a4 bxa4 24. Nxa4 Nh5 25. Nb6 Kf6 26. Rgxh5 gxh5 27. Rxh5 Rb8 28. Nbc4 Nxd3 29. cxd3 Ke7 30. b5 axb5 31. Rxb5 Ra8 32. Rb2 Ra1 33. f4 Rg1 34. Ke2 Ba6 35. Kf3 Bb7 36. Kf2 Rc1 37. g4 Rc3 38. Ke2 Rc1 39. Kf2 Ba6 40. Rb6 Bxc4 41. Nxc4 Rd7 42. g5 Rc2+ 1/2-1/2

[Event "Oberliga Nord W 1819"]
[Site "Germany"]
[Date "2019.02.24"]
[Round "7.6"]
[White "Haerig, Wilfried"]
[Black "Meins, Gerlef"]
[Result "0-1"]
[WhiteElo "2079"]
[BlackElo "2408"]
[PlyCount "90"]
[EventDate "2018.10.21"]
[EventType "team-tourn"]
[EventRounds "9"]
[EventCountry "GER"]
[SourceTitle "EXT 2020"]
[Source "ChessBase"]
[SourceDate "2019.10.17"]
[SourceVersion "1"]
[SourceVersionDate "2019.10.17"]
[SourceQuality "1"]
[WhiteTeam "Tostedt"]
[BlackTeam "Werder Bremen II"]
[WhiteTeamCountry "GER"]
[BlackTeamCountry "GER"]

1. e4 c5 2. Nf3 Nc6 3. d4 cxd4 4. Nxd4 Nf6 5. Nc3 d6 6. Bg5 e6 7. Qd2 a6 8. 0-0-0 Bd7 9. f4 h6 10. Bh4 Nxe4 11. Qe1 Nf6 12. Nf5 Qa5 13. Nxd6+ Bxd6 14. Rxd6 Qc7 15. Qd2 Ne7 16. Bxf6 gxf6 17. Ne4 0-0-0 18. Nxf6 Bc6 19. Rd3 Ng6 20. Nh5 Nh4 21. Qf2 Rxd3 22. Bxd3 Nxg2 23. Rg1 Qa5 24. Nf6 Qxa2 25. Rxg2 Bxg2 26. Qxg2 Qa1+ 27. Kd2 Qxb2 28. Ne4 Rd8 29. Qg1 Qd4 30. Qxd4 Rxd4 31. Ke3 Rd8 32. c4 Kc7 33. c5 Rd5 34. Nd6 Rxc5 35. Nxf7 Rh5 36. Bc4 Kd7 37. Ne5+ Kd6 38. Nf3 a5 39. Ke4 a4 40. Nd4 Rxh2 41. Nxe6 a3 42. Nd8 b5 43. Nf7+ Kc5 44. Bb3 Rb2 45. Be6 Re2+ 0-1

[Event "Niedersachsen-ch op A"]
[Site "Verden"]
[Date "2019.01.06"]
[Round "7"]
[White "Haerig, Wilfried"]
[Black "Eilert, Marius"]
[Result "1-0"]
[WhiteElo "2116"]
[BlackElo "2033"]
[PlyCount "89"]
[EventDate "2019.01.03"]
[EventType "swiss"]
[EventRounds "7"]
[EventCountry "GER"]
[SourceTitle "EXT 2022"]
[Source "ChessBase"]
[SourceDate "2021.10.06"]
[SourceVersion "1"]
[SourceVersionDate "2021.10.06"]
[SourceQuality "1"]

1. e4 e6 2. d4 d5 3. Nc3 Nf6 4. e5 Nfd7 5. f4 c5 6. Nf3 Nc6 7. Be3 a6 8. Qd2 Be7 9. Qf2 Qa5 10. Bd3 Nb4 11. 0-0 b5 12. dxc5 Nxd3 13. cxd3 b4 14. Nd1 Nxc5 15. Bxc5 Bxc5 16. d4 Be7 17. Ne3 Bd7 18. Nh4 0-0-0 19. Nf3 Kb8 20. Nd2 Rc8 21. a3 bxa3 22. Nb3 Qa4 23. Nc5 Bxc5 24. dxc5 Bb5 25. Rfd1 a2 26. Nc2 Rhd8 27. Nd4 g6 28. Rdc1 Rc7 29. b3 Qb4 30. c6 Rdc8 31. Rxa2 Bxc6 32. Rxa6 Qb7 33. Qa2 Bb5 34. Rxc7 Rxc7 35. Nxb5 Rc1+ 36. Kf2 Qxb5 37. Ra8+ Kc7 38. Qa7+ Qb7 39. Qa3 Qb6+ 40. Kg3 Qe3+ 41. Kg4 Qe2+ 42. Kg5 Kb7 43. Qa7+ Kc6 44. Rc8+ Kb5 45. Qb7+ 1-0

[Event "Oberliga Nord W 1819"]
[Site "Germany"]
[Date "2018.12.16"]
[Round "4.6"]
[White "Lewin, Tammo"]
[Black "Haerig, Wilfried"]
[Result "0-1"]
[WhiteElo "2066"]
[BlackElo "2079"]
[PlyCount "92"]
[EventDate "2018.10.21"]
[EventType "team-tourn"]
[EventRounds "9"]
[EventCountry "GER"]
[SourceTitle "EXT 2020"]
[Source "ChessBase"]
[SourceDate "2019.10.17"]
[SourceVersion "1"]
[SourceVersionDate "2019.10.17"]
[SourceQuality "1"]
[WhiteTeam "Hellern"]
[BlackTeam "Tostedt"]
[WhiteTeamCountry "GER"]
[BlackTeamCountry "GER"]

1. d4 Nf6 2. c4 c5 3. d5 b5 4. Qc2 d6 5. e4 bxc4 6. Bxc4 g6 7. Nf3 Bg7 8. Nc3 0-0 9. 0-0 Ba6 10. Bxa6 Nxa6 11. a3 Nd7 12. Bf4 Nc7 13. Rad1 a6 14. Rfe1 f6 15. Ne2 f5 16. Nc3 fxe4 17. Qxe4 Nf6 18. Qc4 Rb8 19. Bc1 Qd7 20. Ng5 Rbe8 21. Ne6 Nxe6 22. Rxe6 Qb7 23. Rde1 Rf7 24. h3 Ref8 25. R6e2 Nh5 26. Bg5 Bd4 27. Nd1 Nf6 28. Bxf6 Bxf6 29. Ne3 Bd4 30. Ng4 Rf4 31. Re4 Rxg4 32. hxg4 Bxf2+ 33. Kh2 Bxe1 34. Rxe1 Rf7 35. Re2 Qb5 36. Qe4 Qb3 37. Qe6 Kg7 38. Qe4 Qd1 39. Qc4 a5 40. Qc3+ Kg8 41. Qc4 Qf1 42. Qb5 Kg7 43. Qc4 Qf6 44. Qe4 Kf8 45. Kg3 g5 46. Qc2 Qh6 0-1

[Event "Oberliga Nord W 1819"]
[Site "Germany"]
[Date "2018.11.11"]
[Round "2.6"]
[White "David, Adrian"]
[Black "Haerig, Wilfried"]
[Result "0-1"]
[WhiteElo "2250"]
[BlackElo "2079"]
[PlyCount "62"]
[EventDate "2018.10.21"]
[EventType "team-tourn"]
[EventRounds "9"]
[EventCountry "GER"]
[SourceTitle "EXT 2020"]
[Source "ChessBase"]
[SourceDate "2019.10.17"]
[SourceVersion "1"]
[SourceVersionDate "2019.10.17"]
[SourceQuality "1"]
[WhiteTeam "Hameln"]
[BlackTeam "Tostedt"]
[WhiteTeamCountry "GER"]
[BlackTeamCountry "GER"]

1. f4 c5 2. Nf3 Nc6 3. g3 g6 4. Bg2 Bg7 5. 0-0 Nf6 6. d3 d5 7. c3 0-0 8. Na3 Rb8 9. Nh4 e6 10. e4 b5 11. e5 Ne8 12. Be3 b4 13. cxb4 cxb4 14. Nc2 f6 15. Bc5 Rf7 16. d4 b3 17. Ne3 bxa2 18. Rxa2 Bf8 19. Bxf8 Kxf8 20. Nf3 Rfb7 21. exf6 Nxf6 22. Ne5 Qb6 23. Nc2 Kg7 24. Qd3 Rc7 25. Rfa1 a6 26. Nxc6 Rxc6 27. Ne3 Qb3 28. Qd2 Rb4 29. Nd1 Rc2 30. Qe1 Rxd4 31. Ra3 Qb6 0-1

[Event "Harburg-chA 13th"]
[Site "Hamburg"]
[Date "2018.08.04"]
[Round "3"]
[White "Kurth, Michael"]
[Black "Haerig, Wilfried"]
[Result "0-1"]
[WhiteElo "1970"]
[BlackElo "2022"]
[PlyCount "108"]
[EventDate "2018.08.03"]
[EventType "tourn"]
[EventRounds "5"]
[EventCountry "GER"]
[SourceTitle "EXT 2019"]
[Source "ChessBase"]
[SourceDate "2018.10.10"]
[SourceVersion "1"]
[SourceVersionDate "2018.10.10"]
[SourceQuality "1"]

1. e4 c5 2. Nf3 g6 3. c4 Bg7 4. Nc3 Nc6 5. Be2 d6 6. h3 Nf6 7. 0-0 0-0 8. d4 cxd4 9. Nxd4 Nxe4 10. Nxc6 Nxc3 11. Nxd8 Nxd1 12. Nxf7 Nxb2 13. Nh6+ Kh8 14. Rb1 Na4 15. Bg4 Nb6 16. Be2 Be6 17. Ng4 Rac8 18. Ne3 Rc7 19. Rd1 Na4 20. Bd2 b6 21. Rdc1 Bd4 22. Rb4 Nc5 23. Bc3 Bxc3 24. Rxc3 Rxf2 25. Rc2 Rf4 26. Bg4 Re4 27. Bxe6 Rxe6 28. Nd5 Rc8 29. Rd2 Rf8 30. Rb1 Kg7 31. Rc1 Re5 32. Nb4 Rc8 33. Rf1 Ne4 34. Rd5 Rxc4 35. Rxe5 dxe5 36. Nd3 Ng3 37. Nxe5 Rc1 38. Rxc1 Ne2+ 39. Kf2 Nxc1 40. a3 Kf6 41. Nc6 a5 42. Nd4 Nd3+ 43. Ke3 e5 44. Nb5 Nf4 45. Kf3 Ke6 46. Nc3 g5 47. a4 h6 48. Kf2 Kd6 49. Kf3 Kc5 50. g3 Nd5 51. Ne4+ Kb4 52. Nd6 Kxa4 53. Ke4 Nc3+ 54. Kxe5 Kb4 0-1

[Event "Lueneburg NSV rapid op"]
[Site "Lueneburg"]
[Date "2018.07.14"]
[Round "7"]
[White "Haerig, Wilfried"]
[Black "Kuberczyk, Christoph"]
[Result "0-1"]
[WhiteElo "2022"]
[BlackElo "2225"]
[PlyCount "60"]
[EventDate "2018.07.14"]
[EventType "swiss (rapid)"]
[EventRounds "9"]
[EventCountry "GER"]
[SourceTitle "CBM 185 Extra"]
[Source "ChessBase"]
[SourceDate "2018.07.29"]
[SourceVersion "1"]
[SourceVersionDate "2018.07.29"]
[SourceQuality "1"]

1. e4 Nf6 2. e5 Nd5 3. c4 Nb6 4. d4 d6 5. f4 dxe5 6. dxe5 Qxd1+ 7. Kxd1 Nc6 8. Be3 Bg4+ 9. Kc2 0-0-0 10. Nd2 e6 11. a3 Bf5+ 12. Kc1 Na5 13. b4 Rxd2 14. bxa5 Rc2+ 15. Kd1 Nxc4 16. Bxc4 Rxc4 17. Nf3 Bc5 18. Ke2 Rc2+ 19. Bd2 Rd8 20. Rhc1 Rxc1 21. Bxc1 Rd5 22. Be3 Bxe3 23. Kxe3 Rxa5 24. Nd4 c5 25. Ne2 Ra4 26. Nc3 Rd4 27. Nb5 Rd3+ 28. Ke2 Rd7 29. Nxa7+ Kb8 30. Nb5 Bd3+ 0-1

[Event "Leipzig VfB op 25th"]
[Site "Leipzig"]
[Date "2018.03.21"]
[Round "2"]
[White "Mischuk, Dmitry"]
[Black "Haerig, Wilfried"]
[Result "1-0"]
[WhiteElo "2359"]
[BlackElo "1990"]
[PlyCount "60"]
[EventDate "2018.03.20"]
[EventType "swiss"]
[EventRounds "9"]
[EventCountry "GER"]
[SourceTitle "CBM 183 Extra"]
[Source "ChessBase"]
[SourceDate "2018.04.19"]
[SourceVersion "1"]
[SourceVersionDate "2018.04.19"]
[SourceQuality "1"]

1. e4 c5 2. Nf3 g6 3. d4 cxd4 4. Nxd4 Nc6 5. c4 Bg7 6. Nc2 d6 7. Be2 Nf6 8. Nc3 Bd7 9. 0-0 h5 10. Ne3 h4 11. Ned5 h3 12. g3 Ne5 13. Nxf6+ Bxf6 14. Nd5 Bg7 15. Bg5 Nc6 16. b4 Be6 17. Rb1 Rc8 18. Be3 b6 19. Qd2 0-0 20. Rbc1 Qd7 21. f4 f5 22. b5 Nd8 23. Bd4 Bxd4+ 24. Qxd4 Rc5 25. exf5 Bxd5 26. cxd5 Qxf5 27. Bd3 Qxd5 28. Qxd5+ Rxd5 29. Bc4 e6 30. Bxd5 exd5 1-0

[Event "Leipzig VfB op 25th"]
[Site "Leipzig"]
[Date "2018.03.20"]
[Round "1"]
[White "Haerig, Wilfried"]
[Black "Naumann, Peter"]
[Result "1-0"]
[WhiteElo "1990"]
[BlackElo "1750"]
[PlyCount "69"]
[EventDate "2018.03.20"]
[EventType "swiss"]
[EventRounds "9"]
[EventCountry "GER"]
[SourceTitle "CBM 183 Extra"]
[Source "ChessBase"]
[SourceDate "2018.04.19"]
[SourceVersion "1"]
[SourceVersionDate "2018.04.19"]
[SourceQuality "1"]

1. e4 e5 2. Nf3 Nc6 3. d4 exd4 4. Nxd4 Nxd4 5. Qxd4 d6 6. Nc3 Be6 7. f4 Nf6 8. f5 Bd7 9. Bg5 c6 10. Be2 Be7 11. Bf4 c5 12. Qf2 Bc6 13. Bf3 Qb6 14. 0-0-0 0-0-0 15. Qg3 Ne8 16. e5 dxe5 17. Bxe5 Rxd1+ 18. Rxd1 Bxf3 19. Qxf3 Nf6 20. g4 Rd8 21. g5 Rxd1+ 22. Qxd1 Ne8 23. Bf4 Qd8 24. Ne4 Qxd1+ 25. Kxd1 Kd7 26. Ke2 Kc6 27. c4 Nd6 28. Nxd6 Bxd6 29. Kf3 Bxf4 30. Kxf4 b5 31. g6 hxg6 32. fxg6 f6 33. h4 bxc4 34. h5 Kd6 35. h6 1-0

[Event "Niedersachsen-ch op A"]
[Site "Verden"]
[Date "2018.01.05"]
[Round "3"]
[White "Bargsten, Justus"]
[Black "Haerig, Wilfried"]
[Result "0-1"]
[WhiteElo "1896"]
[BlackElo "2039"]
[PlyCount "40"]
[EventDate "2018.01.04"]
[EventType "swiss"]
[EventRounds "7"]
[EventCountry "GER"]
[SourceTitle "EXT 2022"]
[Source "ChessBase"]
[SourceDate "2021.10.06"]
[SourceVersion "1"]
[SourceVersionDate "2021.10.06"]
[SourceQuality "1"]

1. e4 c5 2. Nf3 g6 3. d4 cxd4 4. Qxd4 Nf6 5. e5 Nc6 6. Qa4 Nd5 7. Qe4 Nb6 8. Bf4 Bg7 9. Nc3 d5 10. exd6 Bf5 11. Qe3 0-0 12. 0-0-0 exd6 13. Nb5 Na4 14. Nfd4 Nxd4 15. Nxd4 Rc8 16. Rd2 Re8 17. Qf3 Re1+ 18. Rd1 Bxd4 19. Rxe1 Rxc2+ 20. Kd1 Nxb2# 0-1

[Event "Niedersachsen-ch op A"]
[Site "Verden"]
[Date "2018.01.05"]
[Round "4"]
[White "Haerig, Wilfried"]
[Black "Rick, Uwe"]
[Result "0-1"]
[WhiteElo "2039"]
[BlackElo "2115"]
[PlyCount "50"]
[EventDate "2018.01.04"]
[EventType "swiss"]
[EventRounds "7"]
[EventCountry "GER"]
[SourceTitle "EXT 2022"]
[Source "ChessBase"]
[SourceDate "2021.10.06"]
[SourceVersion "1"]
[SourceVersionDate "2021.10.06"]
[SourceQuality "1"]

1. e4 c5 2. Nf3 d6 3. d4 cxd4 4. Nxd4 Nf6 5. Nc3 a6 6. Be3 e5 7. Nb3 Be7 8. f3 0-0 9. Qd2 Be6 10. g4 d5 11. g5 d4 12. gxf6 Bxf6 13. Nc5 Bh4+ 14. Bf2 Bxf2+ 15. Qxf2 dxc3 16. b3 Nc6 17. Nxb7 Qc7 18. Nc5 Nd4 19. Nd3 f5 20. f4 fxe4 21. Nxe5 e3 22. Qg2 e2 23. Bxe2 Nxc2+ 24. Kf2 Qxe5 25. Qxa8 Qc5+ 0-1

[Event "Lueneburg distr-ch Meister"]
[Site "Muenster"]
[Date "2016.10.14"]
[Round "3.1"]
[White "Grimm, Uwe"]
[Black "Haerig, Wilfried"]
[Result "0-1"]
[WhiteElo "2129"]
[BlackElo "1973"]
[PlyCount "76"]
[EventDate "2016.10.13"]
[EventType "swiss"]
[EventRounds "7"]
[EventCountry "GER"]
[SourceTitle "EXT 2019"]
[Source "ChessBase"]
[SourceDate "2018.10.10"]
[SourceVersion "1"]
[SourceVersionDate "2018.10.10"]
[SourceQuality "1"]

1. f4 c5 2. Nf3 Nc6 3. e3 g6 4. d4 cxd4 5. exd4 d5 6. c3 Nf6 7. Bb5 Bd7 8. 0-0 Bg7 9. Nbd2 0-0 10. Qe1 a6 11. Bd3 Na7 12. Ne5 Bb5 13. Bxb5 Nxb5 14. Qh4 e6 15. Qh3 Nd6 16. g4 b5 17. Ndf3 Nfe4 18. Be3 Rc8 19. a3 a5 20. Nd3 Nc4 21. Bc1 Qb6 22. Kg2 f6 23. Re1 Rc7 24. f5 g5 25. fxe6 Qxe6 26. Qh5 Qd6 27. Nc5 Nxc5 28. dxc5 Qxc5 29. Nd4 Re7 30. Bxg5 fxg5 31. Nf5 Ne3+ 32. Rxe3 Rxe3 33. Qxg5 Re2+ 34. Kh1 Qc7 35. Ng3 Rxb2 36. Re1 d4 37. cxd4 Qc6+ 38. d5 Qc2 0-1

[Event "Budapest FS09 IM"]
[Site "Budapest"]
[Date "2016.09.03"]
[Round "1"]
[White "Gross, Willi"]
[Black "Haerig, Wilfried"]
[Result "1-0"]
[WhiteElo "2143"]
[BlackElo "1996"]
[PlyCount "57"]
[EventDate "2016.09.03"]
[EventType "tourn"]
[EventRounds "9"]
[EventCountry "HUN"]
[SourceTitle "CBM 174 Extra"]
[Source "ChessBase"]
[SourceDate "2016.10.10"]
[SourceVersion "1"]
[SourceVersionDate "2016.10.10"]
[SourceQuality "1"]

1. d4 Nf6 2. c4 g6 3. Nc3 d5 4. Bg5 dxc4 5. e4 Bg7 6. Bxc4 h6 7. Bf4 c6 8. Nge2 Qa5 9. f3 b5 10. Bb3 0-0 11. 0-0 Rd8 12. Qc1 h5 13. Bh6 Ba6 14. Qg5 Bxh6 15. Qxh6 e6 16. Bxe6 Nbd7 17. Qxg6+ Kh8 18. Qh6+ Nh7 19. Bf5 Ndf8 20. a3 Qc7 21. Qxh5 Ng6 22. Rac1 Rg8 23. e5 Rg7 24. b4 Rag8 25. Nd5 Qd8 26. Nf6 Nf4 27. Nxf4 Qxd4+ 28. Kh1 Qxf4 29. Nxh7 1-0

[Event "Leipzig VfB op 23rd"]
[Site "Leipzig"]
[Date "2016.03.20"]
[Round "9"]
[White "Haerig, Wilfried"]
[Black "Zaerban, Jan Christopher"]
[Result "1/2-1/2"]
[WhiteElo "2010"]
[BlackElo "1895"]
[PlyCount "166"]
[EventDate "2016.03.15"]
[EventType "swiss"]
[EventRounds "9"]
[EventCountry "GER"]
[SourceTitle "EXT 2017"]
[Source "ChessBase"]
[SourceDate "2016.10.25"]
[SourceVersion "1"]
[SourceVersionDate "2016.10.25"]
[SourceQuality "1"]

1. e4 e6 2. d4 d5 3. Nc3 Bb4 4. e5 c5 5. a3 Bxc3+ 6. bxc3 Qc7 7. Qg4 f5 8. Qh5+ g6 9. Qd1 Bd7 10. Nf3 Ba4 11. Bd3 cxd4 12. cxd4 Qc3+ 13. Bd2 Qxd3 14. cxd3 Bxd1 15. Kxd1 Nc6 16. h4 h6 17. Rb1 b6 18. Ke2 Nge7 19. Rhc1 Kd7 20. Rb2 Rac8 21. a4 Nd8 22. Ra1 Nec6 23. Ke3 Nf7 24. Rg1 g5 25. g4 f4+ 26. Ke2 Rb8 27. Rgb1 Kc7 28. Rc1 Kd7 29. Rh1 Kc7 30. Rbb1 Rbg8 31. Bc3 a6 32. Rh2 Rg7 33. Rbh1 Rhg8 34. hxg5 hxg5 35. Nd2 Kb7 36. Nb3 Nfd8 37. a5 Nxa5 38. Bxa5 bxa5 39. Nc5+ Ka7 40. Rh8 Kb6 41. Rb1+ Ka7 42. Rh6 Rg6 43. Rhh1 R8g7 44. Kd2 Nc6 45. Kc3 Rc7 46. Rh8 Nxe5 47. Rbb8 Nd7 48. Ra8+ Kb6 49. Rxa6+ Kb5 50. Rha8 Nxc5 51. Rxa5+ Kb6 52. dxc5+ Rxc5+ 53. Rxc5 Kxc5 54. d4+ Kd6 55. Kd3 Ke7 56. Ra7+ Kf6 57. Rh7 Rg7 58. Rh6+ Kf7 59. f3 Rg8 60. Rh7+ Kg6 61. Re7 Kf6 62. Rh7 Ra8 63. Rh6+ Kf7 64. Rh7+ Kg6 65. Rh3 Ra3+ 66. Kd2 Ra2+ 67. Kd3 Ra3+ 68. Kc2 Re3 69. Kd2 Kg7 70. Kc2 Re2+ 71. Kc3 Rg2 72. Rh1 Rf2 73. Rh3 Kf6 74. Rh6+ Ke7 75. Rh3 Kd6 76. Kd3 Kc6 77. Rh5 Rxf3+ 78. Kd2 Re3 79. Rxg5 Re4 80. Kd3 f3 81. Rg6 Kd6 82. Rf6 Rxg4 83. Rxf3 Re4 1/2-1/2

[Event "Leipzig VfB op 23rd"]
[Site "Leipzig"]
[Date "2016.03.19"]
[Round "7"]
[White "Haerig, Wilfried"]
[Black "Braun, Gottfried"]
[Result "0-1"]
[WhiteElo "2010"]
[BlackElo "2274"]
[PlyCount "60"]
[EventDate "2016.03.15"]
[EventType "swiss"]
[EventRounds "9"]
[EventCountry "GER"]
[SourceTitle "EXT 2017"]
[Source "ChessBase"]
[SourceDate "2016.10.25"]
[SourceVersion "1"]
[SourceVersionDate "2016.10.25"]
[SourceQuality "1"]

1. e4 d6 2. d4 Nf6 3. Nc3 e5 4. Nf3 exd4 5. Nxd4 Be7 6. Bc4 0-0 7. 0-0 Nc6 8. Nxc6 bxc6 9. Re1 Nd7 10. f4 Bf6 11. Qf3 Nb6 12. Bd3 Bd4+ 13. Be3 Qf6 14. e5 dxe5 15. Bxd4 exd4 16. Ne4 Qd8 17. Qh5 h6 18. g4 Nd5 19. Rf1 f5 20. Ng3 Ne3 21. gxf5 Qf6 22. Rf3 Bd7 23. Kh1 Rae8 24. Rg1 Kh8 25. Ne4 Qf7 26. Rg6 Bxf5 27. Ng5 Qxg6 28. Qxg6 Bxg6 29. Bxg6 hxg5 30. Rh3+ Kg8 0-1

[Event "Leipzig VfB op 23rd"]
[Site "Leipzig"]
[Date "2016.03.15"]
[Round "1"]
[White "Haerig, Wilfried"]
[Black "Spreer, Lutz"]
[Result "1-0"]
[WhiteElo "2010"]
[BlackElo "1628"]
[PlyCount "37"]
[EventDate "2016.03.15"]
[EventType "swiss"]
[EventRounds "9"]
[EventCountry "GER"]
[SourceTitle "EXT 2017"]
[Source "ChessBase"]
[SourceDate "2016.10.25"]
[SourceVersion "1"]
[SourceVersionDate "2016.10.25"]
[SourceQuality "1"]

1. e4 d5 2. exd5 Nf6 3. d4 Nxd5 4. Nf3 g6 5. c4 Nb6 6. Be3 Bg7 7. Nc3 0-0 8. Qd2 Re8 9. Be2 Nc6 10. Rd1 Nd7 11. 0-0 e5 12. d5 Ne7 13. b4 f5 14. Bh6 Bh8 15. d6 cxd6 16. Qxd6 Qb6 17. c5 Qc6 18. Bc4+ Nd5 19. Bxd5+ 1-0

[Event "Niedersachsen-ch op"]
[Site "Verden"]
[Date "2016.01.05"]
[Round "5"]
[White "Haerig, Wilfried"]
[Black "Laubrock, Paul"]
[Result "1/2-1/2"]
[WhiteElo "2022"]
[BlackElo "1980"]
[PlyCount "165"]
[EventDate "2016.01.03"]
[EventType "swiss"]
[EventRounds "7"]
[EventCountry "GER"]
[SourceTitle "EXT 2018"]
[Source "ChessBase"]
[SourceDate "2017.10.13"]
[SourceVersion "1"]
[SourceVersionDate "2017.10.13"]
[SourceQuality "1"]

1. e4 d5 2. exd5 Qxd5 3. Nc3 Qa5 4. d4 Nf6 5. Nf3 Bg4 6. h3 Bh5 7. g4 Bg6 8. Ne5 c6 9. Bg2 Nbd7 10. Nxd7 Nxd7 11. Qe2 e6 12. f4 0-0-0 13. Bd2 Qc7 14. 0-0-0 Nf6 15. Rhf1 Rxd4 16. Be3 Rxd1+ 17. Rxd1 Bd6 18. Qf2 Rd8 19. Kb1 c5 20. Nb5 Qb6 21. Nxd6+ Rxd6 22. Re1 Qd8 23. f5 exf5 24. Qf3 Qd7 25. Bxc5 Ne4 26. Be3 fxg4 27. Qxg4 Bf5 28. Qe2 Qa4 29. a3 Nd2+ 30. Bxd2 Qxc2+ 31. Ka1 Qxd2 32. Qe7 Bd7 33. Bf3 b6 34. Rd1 Qxd1+ 35. Bxd1 Rxd1+ 36. Ka2 Be6+ 37. b3 Rd3 38. Qxa7 Rxh3 39. Qxb6 Rxb3 40. Qc6+ Kd8 41. Qd6+ Ke8 42. Qc6+ Ke7 43. Qc7+ Kf6 44. Qf4+ Kg6 45. Qe4+ Kg5 46. Qe5+ Kh4 47. Qe4+ Kg3 48. Qe1+ Kf4 49. Qh4+ Ke5 50. Qg5+ Ke4 51. Qh4+ Kf5 52. Qh5+ g5 53. Qxh7+ Kf4 54. Qh2+ Rg3+ 55. Kb2 Kf3 56. Qh5+ g4 57. a4 Kf2 58. Qh4 Kg2 59. a5 Rb3+ 60. Kc2 Ra3 61. Qe1 Ra2+ 62. Kd3 g3 63. a6 Kh2 64. Qe5 Rxa6 65. Qe2+ g2 66. Qe5+ Kh3 67. Qe3+ Kg4 68. Qe4+ Kh5 69. Qxg2 Ra3+ 70. Ke4 Ra4+ 71. Ke5 Ra5+ 72. Kf4 Rf5+ 73. Ke3 Rg5 74. Qf3+ Kg6 75. Qe4+ Bf5 76. Qc6+ Be6 77. Qe4+ Kf6 78. Qf4+ Rf5 79. Qh4+ Kg7 80. Qg3+ Kf8 81. Qd6+ Ke8 82. Qb8+ Ke7 83. Qb4+ 1/2-1/2